Countries with similar names- Flag shape quiz 4 - Statistics

General Stats
  • This quiz has been taken 37 times
  • The average score is 15 of 17
Answer Stats
Picture Answer % Correct
Canada
100%
Serbia
97%
Iran
94%
Panama
94%
Ghana
91%
Guyana
91%
Rwanda
88%
Somalia
88%
Syria
88%
Oman
84%
Uganda
84%
Namibia
81%
Romania
81%
Zambia
81%
Burundi
78%
(The) Gambia
78%
Brunei
72%
No matching quizzes found
Score Distribution
Percent of People with Each Score
Percentile by Number Answered
Your Score History
You have not taken this quiz